00343nam a2200109Ia 4500008004100000082000800041100001500049245005100064942000600115952009700121999001500218240331s9999 xx 000 0 und d bHum aUyangoda,J 0aEthnic conflict in Sri lanka changing dynamics cL 001040708LaWERCLbWERCLcSSCd2024-03-31l0o 323.4 Hump5971r2024-03-31w2024-03-31yL c2479d2479